000
00358nam a22001097a 4500
082
_a
400
100
_a
Pandey, M.N.
_9
79413
245
_a
English Grammar महत्वपूर्ण नियम, उदाहरण एवं शब्द अर्थ
260
_a
New Delhi
_b
Guider Competitive Group
_c
2020
650
_a
Grammar
_9
79414
942
_c
BK
999
_c
63017
_d
63017